Pronósticos de fenómenos sísmicos y meteorológicos
Guardat en:
| Autors principals: | , |
|---|---|
| Format: | Llibre |
| Idioma: | espanyol |
| Publicat: |
Santiago
Imprenta y Litografía Universo
1946
|
| Edició: | 1a. ed |
| Matèries: | |
| Etiquetes: |
Afegir etiqueta
Sense etiquetes, Sigues el primer a etiquetar aquest registre!
|
MARC
| LEADER | 00000nam a2200000 a 4500 | ||
|---|---|---|---|
| 001 | UCZ0338 | ||
| 003 | CL-VaPUC | ||
| 008 | 950728e19460000CL |||||||||||||||||spa|d | ||
| 082 | 0 | 4 | |a 551.22 |b CAR |2 21 |
| 100 | 0 | |a Carrera S., Ricardo de la |e author |9 343095 | |
| 700 | 0 | |a Capitán Lux |e author |9 343096 | |
| 245 | 1 | 0 | |a Pronósticos de fenómenos sísmicos y meteorológicos |
| 250 | |a 1a. ed | ||
| 300 | |a 108 p | ||
| 942 | |c BK | ||
| 945 | |d 19950728 00:00:00 |a rbrito | ||
| 260 | |a Santiago |b Imprenta y Litografía Universo |c 1946 | ||
| 650 | 0 | |a Terremotos |9 267728 | |
| 650 | 0 | |a Catástrofes naturales |9 268107 | |
| 650 | 0 | |a Sismología |9 268106 | |
| 650 | 0 | |a Maremotos |9 343097 | |
| 650 | 7 | |a FENOMENOS NATURALES |2 CL-VaPUC |9 343098 | |
| 583 | |a last modification |c 19950728 00:00:00 |k Rodrigo Vera | ||
| 999 | |c 237280 |d 237278 | ||
| 952 | |0 0 |1 0 |4 0 |6 551_220000000000000_CAR_1946 |7 0 |8 A |9 246187 |a BIBING |b BIBING |d 2019-11-18 |i 3108708 |o 551.22 CAR 1946 |p 3108708 |r 2025-01-20 |w 2019-11-18 |y BK |k GEO | ||
| 952 | |0 0 |1 0 |4 0 |6 551_220000000000000_CAR_1946 |7 0 |8 X |9 246188 |a FDOBUD |b FDOBUD |d 2019-11-18 |i 1028898 |o 551.22 CAR 1946 |p 1028898 |r 2019-11-18 |w 2019-11-18 |y BK_X |k BUD | ||